000
00333nam a2200133Ia 4500
008
231017s9999 xx 000 0 und d
082
_a
625.85
082
_b
LUK
245
0
_a
Temperature Predictions and Adjustment Factors for Asphalt Pavement - Jun 2005
245
0
_c
NCHRP
260
_b
NCHRP
300
_c
30cm
942
_c
REP
999
_c
604784
_d
604784